|
|
|
|
| LEADER |
00000nab a2200000 a 4500 |
| 001 |
vtls008878181 |
| 003 |
SK-MaSNL |
| 005 |
20260303061430.0 |
| 008 |
061113c20061110xo mr| 0 0slo |
| 038 |
|
|
|a RVGKPD
|
| 040 |
|
|
|a RVGKPD
|b slo
|c RVGKPD
|e AACR2
|
| 041 |
|
|
|a slo
|
| 044 |
|
|
|a xo
|c SK
|
| 080 |
|
|
|a 324
|x (437.6)
|2 1997
|
| 100 |
1 |
|
|a Krausová, Stela
|4 aut
|9 268152
|
| 245 |
1 |
0 |
|a V Rožňave a v Rudnej bude voľby monitorovať Občianske oko
|c [autor] Stela Krausová
|
| 300 |
|
|
|b Fotogr.
|
| 650 |
0 |
7 |
|a komunálne voľby
|y 2006
|2 rvgkpd
|9 593682
|
| 651 |
|
7 |
|a Rožňava (Slovensko)
|2 rvgkpd
|9 17394
|
| 651 |
|
7 |
|a Rudná (Slovensko)
|2 rvgkpd
|9 58442
|
| 773 |
0 |
|
|t Korzár : Gemerský denník
|g Roč. VIII, č. 259 (10.11.2006), s. 1
|x 1335-7581
|
| 852 |
|
|
|a RVGKPD
|b KIS3G
|
| 992 |
|
|
|a RBX
|
| 999 |
|
|
|c 1735321
|d 1737251
|